000 00478nam a22002057a 4500
003 bpm
005 20260407104213.0
008 260407b |||||||| |||| 00| p spa d
020 _a9789877303650
024 _aS. C. C. / M. C. y E. M.:
040 _aAR-CtUCP
041 _aspa
080 _aCDU
100 _aBrito Sánchez Lucas
245 _aAntídoto
260 _aResistencia
_bContexto
_c2018
650 _aLiteratura - Poesía
942 _cLIB
999 _c76616
_d76616